<?xml version="1.0" encoding="UTF-8"?>
<record
    xmlns:xsi="http://www.w3.org/2001/XMLSchema-instance"
    xsi:schemaLocation="http://www.loc.gov/MARC21/slim http://www.loc.gov/standards/marcxml/schema/MARC21slim.xsd"
    xmlns="http://www.loc.gov/MARC21/slim">

  <leader>03396nam a2200541 a 4500</leader>
  <controlfield tag="001">60518</controlfield>
  <controlfield tag="003">BD-RjUL</controlfield>
  <controlfield tag="005">20211209080843.0</controlfield>
  <controlfield tag="008">170101s1984    xxu ||| b     ||| | eng d</controlfield>
  <datafield tag="020" ind1=" " ind2=" ">
    <subfield code="a">0872061272 :</subfield>
    <subfield code="c">$11.95</subfield>
  </datafield>
  <datafield tag="035" ind1=" " ind2=" ">
    <subfield code="a">(BD-RjUL)60642</subfield>
  </datafield>
  <datafield tag="040" ind1=" " ind2=" ">
    <subfield code="a">ericd</subfield>
    <subfield code="b">eng</subfield>
    <subfield code="c">ericd</subfield>
    <subfield code="d">MvI</subfield>
  </datafield>
  <datafield tag="041" ind1=" " ind2=" ">
    <subfield code="a">eng</subfield>
  </datafield>
  <datafield tag="082" ind1=" " ind2=" ">
    <subfield code="a">374</subfield>
    <subfield code="b">INS 1984</subfield>
  </datafield>
  <datafield tag="091" ind1=" " ind2=" ">
    <subfield code="a">mfm</subfield>
  </datafield>
  <datafield tag="110" ind1="2" ind2=" ">
    <subfield code="a">Institute of International Education, New York, NY.</subfield>
    <subfield code="9">180179</subfield>
  </datafield>
  <datafield tag="245" ind1="1" ind2="0">
    <subfield code="a">Specialized Study Options U.S.A. A Guide to Short-Term Programs for Foreign Nationals</subfield>
    <subfield code="c">Barbara Cahn Connotillo, Ed. and Christine Johnson, Ed.</subfield>
  </datafield>
  <datafield tag="260" ind1=" " ind2=" ">
    <subfield code="a">[Washington, D.C.] :</subfield>
    <subfield code="b">Distributed by ERIC Clearinghouse,</subfield>
    <subfield code="c">1984.</subfield>
  </datafield>
  <datafield tag="300" ind1=" " ind2=" ">
    <subfield code="a">373 p. ;</subfield>
    <subfield code="c">22 cm. </subfield>
  </datafield>
  <datafield tag="500" ind1=" " ind2=" ">
    <subfield code="a">Availability: Institute of International Education, Communications Division, 809 United Nations Plaza, New York, NY 10017 ($11.95 U.S.; $16.00 overseas).</subfield>
    <subfield code="5">ericd</subfield>
  </datafield>
  <datafield tag="500" ind1=" " ind2=" ">
    <subfield code="a">Sponsoring Agency: United States Information Agency, Washington, DC.</subfield>
    <subfield code="5">ericd</subfield>
  </datafield>
  <datafield tag="520" ind1=" " ind2=" ">
    <subfield code="a">Short-term programs, from technical courses for beginners to executive development programs for professionals, are described that are accessible to or specially designed for foreign nationals. The 875 academic, vocational, and professional programs represent 17 major and 46 minor fields of study. For each program, information is provided on: sponsor's name, program title, subjects and unique program features, beginning or ending dates or duration of sessions and the registration period, location of instruction, methods of instruction, eligibility, cost, availability of scholarships, type of housing offered, application deadlines, contact persons, program numbers, and program highlights. An introduction to the directory covers government regulations, arrival in the United States, travel, the International Student Identity Card, housing and hospitality, and costs and scholarships. Also provided is information on U.S. service organizations that provide housing, study programs, counseling, information services, and publications. A nine-page annotated bibliography and sponsor and state indexes are included. (SW)</subfield>
  </datafield>
  <datafield tag="650" ind1="0" ind2="7">
    <subfield code="a">Continuing Education.</subfield>
    <subfield code="9">180180</subfield>
  </datafield>
  <datafield tag="650" ind1="0" ind2="7">
    <subfield code="a">Courses.</subfield>
    <subfield code="2">ericd</subfield>
    <subfield code="9">180181</subfield>
  </datafield>
  <datafield tag="650" ind1="0" ind2="7">
    <subfield code="a">Eligibility.</subfield>
    <subfield code="2">ericd</subfield>
    <subfield code="9">180182</subfield>
  </datafield>
  <datafield tag="650" ind1="0" ind2="7">
    <subfield code="a">Foreign Nationals.</subfield>
    <subfield code="2">ericd</subfield>
    <subfield code="9">180183</subfield>
  </datafield>
  <datafield tag="650" ind1="1" ind2="7">
    <subfield code="a">Foreign Students.</subfield>
    <subfield code="2">ericd</subfield>
    <subfield code="9">180184</subfield>
  </datafield>
  <datafield tag="650" ind1="0" ind2="7">
    <subfield code="a">Housing.</subfield>
    <subfield code="2">ericd</subfield>
    <subfield code="9">180185</subfield>
  </datafield>
  <datafield tag="650" ind1="1" ind2="7">
    <subfield code="a">International Educational Exchange.</subfield>
    <subfield code="2">ericd</subfield>
    <subfield code="9">180186</subfield>
  </datafield>
  <datafield tag="650" ind1="1" ind2="7">
    <subfield code="a">Minicourses.</subfield>
    <subfield code="2">ericd</subfield>
    <subfield code="9">180187</subfield>
  </datafield>
  <datafield tag="650" ind1="1" ind2="7">
    <subfield code="a">Noncredit Courses.</subfield>
    <subfield code="2">ericd</subfield>
    <subfield code="9">180188</subfield>
  </datafield>
  <datafield tag="650" ind1="0" ind2="7">
    <subfield code="a">Organizations (Groups)</subfield>
    <subfield code="2">ericd</subfield>
    <subfield code="9">180189</subfield>
  </datafield>
  <datafield tag="650" ind1="1" ind2="7">
    <subfield code="a">Postsecondary Education.</subfield>
    <subfield code="2">ericd</subfield>
    <subfield code="9">180190</subfield>
  </datafield>
  <datafield tag="650" ind1="0" ind2="7">
    <subfield code="a">Professional Education.</subfield>
    <subfield code="2">ericd</subfield>
    <subfield code="9">180191</subfield>
  </datafield>
  <datafield tag="650" ind1="0" ind2="7">
    <subfield code="a">Program Costs.</subfield>
    <subfield code="2">ericd</subfield>
    <subfield code="9">180192</subfield>
  </datafield>
  <datafield tag="650" ind1="0" ind2="7">
    <subfield code="a">Program Descriptions.</subfield>
    <subfield code="2">ericd</subfield>
    <subfield code="9">175044</subfield>
  </datafield>
  <datafield tag="650" ind1="0" ind2="7">
    <subfield code="a">Specialization.</subfield>
    <subfield code="2">ericd</subfield>
    <subfield code="9">180193</subfield>
  </datafield>
  <datafield tag="650" ind1="0" ind2="7">
    <subfield code="a">Student Financial Aid.</subfield>
    <subfield code="2">ericd</subfield>
    <subfield code="9">180194</subfield>
  </datafield>
  <datafield tag="650" ind1="1" ind2="7">
    <subfield code="a">Study Abroad.</subfield>
    <subfield code="2">ericd</subfield>
    <subfield code="9">180195</subfield>
  </datafield>
  <datafield tag="650" ind1="0" ind2="7">
    <subfield code="a">Technical Education.</subfield>
    <subfield code="2">ericd</subfield>
    <subfield code="9">180196</subfield>
  </datafield>
  <datafield tag="650" ind1="0" ind2="7">
    <subfield code="a">Vocational Education.</subfield>
    <subfield code="2">ericd</subfield>
    <subfield code="9">180197</subfield>
  </datafield>
  <datafield tag="655" ind1=" " ind2="7">
    <subfield code="a">Guides, Non-Classroom.</subfield>
    <subfield code="2">ericd</subfield>
    <subfield code="9">180198</subfield>
  </datafield>
  <datafield tag="655" ind1=" " ind2="7">
    <subfield code="a">Reference Materials, Directories/Catalogs.</subfield>
    <subfield code="2">ericd</subfield>
    <subfield code="9">180199</subfield>
  </datafield>
  <datafield tag="700" ind1="1" ind2=" ">
    <subfield code="a">Connotillo, Barbara Cahn,</subfield>
    <subfield code="e">editor.</subfield>
    <subfield code="9">180200</subfield>
  </datafield>
  <datafield tag="700" ind1="1" ind2=" ">
    <subfield code="a">Johnson, Christine,</subfield>
    <subfield code="e">editor.</subfield>
    <subfield code="9">180201</subfield>
  </datafield>
  <datafield tag="710" ind1="2" ind2=" ">
    <subfield code="a">Institute of International Education, New York, NY.</subfield>
    <subfield code="9">180179</subfield>
  </datafield>
  <datafield tag="942" ind1=" " ind2=" ">
    <subfield code="2">ddc</subfield>
    <subfield code="c">BK</subfield>
  </datafield>
  <datafield tag="999" ind1=" " ind2=" ">
    <subfield code="c">60518</subfield>
    <subfield code="d">60518</subfield>
  </datafield>
  <datafield tag="952" ind1=" " ind2=" ">
    <subfield code="0">0</subfield>
    <subfield code="1">0</subfield>
    <subfield code="2">ddc</subfield>
    <subfield code="4">0</subfield>
    <subfield code="7">1</subfield>
    <subfield code="8">NFIC</subfield>
    <subfield code="a">RUCL</subfield>
    <subfield code="b">RUCL</subfield>
    <subfield code="c">Reading</subfield>
    <subfield code="d">1986-01-01</subfield>
    <subfield code="l">0</subfield>
    <subfield code="o">374 INS 1984</subfield>
    <subfield code="r">2017-01-01 00:00:00</subfield>
    <subfield code="t">C-1</subfield>
    <subfield code="w">2017-01-01</subfield>
    <subfield code="y">BK</subfield>
  </datafield>
</record>
